[Event "2. Memorial Oliver Gonzalez 2011"]
[Site "Madrid ESP"]
[Date "2011.10.14"]
[Round "7.72"]
[White "Ojosnegros Martin, Angel"]
[Black "Cerrato Torrijos, Javier"]
[Result "1/2-1/2"]
[WhiteElo "1417"]
[BlackElo "1683"]
[PlyCount "73"]
[EventDate "2011.10.08"]
[EventType "swiss"]
[EventRounds "9"]
[EventCountry "ESP"]
[Source "lmi"]
[SourceDate "2011.10.08"]

1. e4 c5 2. Nf3 d6 3. d4 cxd4 4. Nxd4 Nf6 5. Nc3 Nc6 6. Be3 Bd7 7. f3 g6 8. Qd2
Bg7 9. O-O-O O-O 10. Bc4 a6 11. Bb3 b5 12. g4 b4 13. Nd5 a5 14. Nxc6 Bxc6 15.
Bb6 Qd7 16. Bd4 Nxd5 17. Bxg7 Kxg7 18. exd5 Bb5 19. Qd4+ Kg8 20. Bc4 Bxc4 21.
Qxc4 Rfc8 22. Qe4 Rab8 23. Kb1 a4 24. Rc1 Qc7 25. Rhe1 a3 26. Re3 axb2 27. Kxb2
Re8 28. Qd4 Qa5 29. Rb3 Rec8 30. c4 bxc3+ 31. Rcxc3 Rxb3+ 32. Rxb3 Ra8 33. a3
Qa4 34. Qxa4 Rxa4 35. Rb7 Kf8 36. Rb8+ Kg7 37. Rb7 1/2-1/2

[Event "2. Memorial Oliver Gonzalez 2011"]
[Site "Madrid ESP"]
[Date "2011.10.15"]
[Round "8.2"]
[White "Lariño Nieto, David"]
[Black "Moreno Trujillo, Alejandro"]
[Result "1-0"]
[WhiteElo "2455"]
[BlackElo "2473"]
[PlyCount "159"]
[EventDate "2011.10.08"]
[EventType "swiss"]
[EventRounds "9"]
[EventCountry "ESP"]
[Source "lmi"]
[SourceDate "2011.10.08"]

1. e4 e6 2. d4 d5 3. Nc3 Bb4 4. exd5 exd5 5. Qf3 Ne7 6. Bd3 Nbc6 7. Nge2 Be6 8.
Qg3 Ng6 9. h4 Bd6 10. f4 Nb4 11. h5 Ne7 12. Nb5 Nxd3+ 13. Qxd3 c6 14. Nxd6+
Qxd6 15. Ng3 Qd7 16. Bd2 Nf5 17. O-O-O O-O-O 18. Bb4 Rde8 19. Rde1 Nxg3 20.
Qxg3 Bg4 21. h6 g6 22. Qa3 b6 23. Be7 Bf5 24. Re5 Kb7 25. Rhe1 Be4 26. g3 Rc8
27. Bf8 Re8 28. Rxe8 Qxe8 29. Bg7 Rg8 30. g4 Qd7 31. g5 Rc8 32. Bf8 Qg4 33. Bd6
Rd8 34. Be5 Qe6 35. Re3 Rc8 36. b4 Qg4 37. Rc3 Qg1+ 38. Kb2 Qf1 39. Qb3 b5 40.
Qa3 Qe2 41. Qa5 Bf5 42. a4 a6 43. axb5 Qxb5 44. Qa3 Ra8 45. Rc5 Qb6 46. Qa4 Bd7
47. Rxd5 Be6 48. Rc5 Rd8 49. c4 Rc8 50. Kc3 Bf5 51. Ra5 Ra8 52. Qa3 Qd8 53. d5
cxd5 54. Rxd5 Qb6 55. Bd4 Qe6 56. Re5 Qd6 57. Qa5 Bd7 58. Rd5 Qc6 59. Qc5 Be6
60. Rd6 Qxc5 61. Bxc5 Bf5 62. Bd4 Kc7 63. Be5 Kb7 64. Bd4 Kc7 65. c5 Be6 66.
Be5 Kb7 67. c6+ Kb6 68. c7+ Kb7 69. Rd8 Rc8 70. Kd4 Kc6 71. Bd6 Bf5 72. Ke5 Bd7
73. Rxc8 Bxc8 74. Bf8 Kxc7 75. Kf6 Kd7 76. Kg7 Ke8 77. Bc5 f5 78. gxf6 Be6 79.
f7+ Bxf7 80. Kxh7 1-0

[Event "2. Memorial Oliver Gonzalez 2011"]
[Site "Madrid ESP"]
[Date "2011.10.15"]
[Round "8.3"]
[White "Korneev, Oleg"]
[Black "Almagro Llamas, Pablo"]
[Result "1-0"]
[WhiteElo "2580"]
[BlackElo "2466"]
[PlyCount "105"]
[EventDate "2011.10.08"]
[EventType "swiss"]
[EventRounds "9"]
[EventCountry "ESP"]
[Source "lmi"]
[SourceDate "2011.10.08"]

1. e4 c6 2. d4 d5 3. Nd2 dxe4 4. Nxe4 Bf5 5. Ng3 Bg6 6. h4 h6 7. Nf3 Nd7 8. h5
Bh7 9. Bd3 Bxd3 10. Qxd3 e6 11. Bd2 Ngf6 12. O-O-O Be7 13. Kb1 O-O 14. Ne4 Nxe4
15. Qxe4 Nf6 16. Qe2 Qd5 17. Ne5 Qe4 18. Qxe4 Nxe4 19. Be1 Rfd8 20. f3 Nf6 21.
Bf2 Rac8 22. g4 Kf8 23. c4 Ke8 24. Rhe1 b5 25. d5 exd5 26. cxb5 cxb5 27. Bxa7
Kf8 28. Rc1 Bd6 29. Nc6 Rd7 30. Bd4 Ne8 31. Na7 Rxc1+ 32. Rxc1 Nc7 33. Bc5 Bxc5
34. Rxc5 Ne6 35. Rc8+ Ke7 36. Nxb5 d4 37. a4 Rd5 38. Rc4 d3 39. Kc1 Ng5 40. Rd4
Rc5+ 41. Kb1 Nxf3 42. Rxd3 Ne5 43. Rd4 Kf6 44. b4 Rc8 45. Nd6 Ra8 46. b5 Kg5
47. b6 Nc6 48. Rc4 Na5 49. Rc5+ Kxg4 50. Rxa5 Rxa5 51. b7 Rxa4 52. b8=Q Rd4 53.
Qc8+ 1-0

[Event "2. Memorial Oliver Gonzalez 2011"]
[Site "Madrid ESP"]
[Date "2011.10.15"]
[Round "8.4"]
[White "Herraiz Hidalgo, Herminio"]
[Black "Roa Alonso, Santiago"]
[Result "1/2-1/2"]
[WhiteElo "2464"]
[BlackElo "2420"]
[PlyCount "61"]
[EventDate "2011.10.08"]
[EventType "swiss"]
[EventRounds "9"]
[EventCountry "ESP"]
[Source "lmi"]
[SourceDate "2011.10.08"]

1. d4 d5 2. c4 e6 3. Nc3 Nf6 4. Bg5 Be7 5. e3 h6 6. Bh4 O-O 7. Rc1 Nbd7 8. Nf3
a6 9. a3 c6 10. Bd3 b5 11. cxd5 cxd5 12. Bb1 Bb7 13. Bxf6 Bxf6 14. Ne2 g6 15.
h4 h5 16. Rg1 e5 17. g4 hxg4 18. Rxg4 e4 19. Ng5 Qa5+ 20. Qd2 Qxd2+ 21. Kxd2
Rfc8 22. Ba2 Rxc1 23. Kxc1 Rc8+ 24. Kb1 Be7 25. Rg1 Nf6 26. Nf4 Bd6 27. Ngh3
Kf8 28. Rg5 Nh7 29. Rg1 Nf6 30. Rg5 Nh7 31. Rg1 1/2-1/2

[Event "2. Memorial Oliver Gonzalez 2011"]
[Site "Madrid ESP"]
[Date "2011.10.15"]
[Round "8.5"]
[White "Garcia Pichon, Eduardo"]
[Black "Arribas Lopez, Angel"]
[Result "0-1"]
[WhiteElo "2283"]
[BlackElo "2440"]
[PlyCount "80"]
[EventDate "2011.10.08"]
[EventType "swiss"]
[EventRounds "9"]
[EventCountry "ESP"]
[Source "lmi"]
[SourceDate "2011.10.08"]

1. e4 e6 2. d4 d5 3. e5 c5 4. c3 Qb6 5. Nf3 Bd7 6. a3 c4 7. Nbd2 Qa5 8. Rb1 Ba4
9. b3 cxb3 10. Bb2 Nc6 11. Bd3 Bb5 12. Nxb3 Qa6 13. Nc1 Na5 14. O-O Bxd3 15.
Nxd3 Nc4 16. Bc1 b6 17. Nb4 Bxb4 18. axb4 Qb5 19. Ne1 a5 20. Nd3 a4 21. Nf4 a3
22. Ra1 Qa4 23. Qf3 g6 24. Nxd5 exd5 25. Qxd5 Rc8 26. e6 f6 27. Qb7 Ne7 28. d5
Rd8 29. Bh6 Qa8 30. Qc7 Qc8 31. Qa7 Qb8 32. Qa6 b5 33. Rfd1 Rd6 34. Bf4 Rxa6
35. Bxb8 Nf5 36. Bf4 g5 37. Bc7 Ke7 38. Ra2 Rc8 39. Bg3 Nxg3 40. hxg3 Rd8 0-1

[Event "2. Memorial Oliver Gonzalez 2011"]
[Site "Madrid ESP"]
[Date "2011.10.15"]
[Round "8.6"]
[White "Perez Mitjans, Orelvis"]
[Black "Candela Perez, Jose"]
[Result "0-1"]
[WhiteElo "2451"]
[BlackElo "2418"]
[PlyCount "70"]
[EventDate "2011.10.08"]
[EventType "swiss"]
[EventRounds "9"]
[EventCountry "ESP"]
[Source "lmi"]
[SourceDate "2011.10.08"]

1. e4 c5 2. Nf3 e6 3. d3 d5 4. Nbd2 Nc6 5. g3 Nf6 6. Bg2 Be7 7. O-O O-O 8. e5
Nd7 9. Re1 b5 10. Nf1 b4 11. h4 a5 12. h5 a4 13. h6 g6 14. N1h2 a3 15. b3 Ba6
16. Bf4 Rc8 17. Qd2 c4 18. dxc4 dxc4 19. Rad1 Nb6 20. Qc1 Nd5 21. bxc4 Bxc4 22.
Ng4 Bxa2 23. Bg5 Qc7 24. Rxd5 Bxd5 25. Bxe7 Qxe7 26. Ng5 Bxg2 27. Nf6+ Kh8 28.
Qf4 Bd5 29. Nfxh7 a2 30. Nf6 b3 31. cxb3 Qb4 32. Qe3 Qd4 33. Qc1 Ra8 34. Nd7
a1=Q 35. Nxf8 Qaa7 0-1

[Event "2. Memorial Oliver Gonzalez 2011"]
[Site "Madrid ESP"]
[Date "2011.10.15"]
[Round "8.7"]
[White "Hernando Rodrigo, Jose Maria"]
[Black "Vazquez Igarza, Renier"]
[Result "0-1"]
[WhiteElo "2328"]
[BlackElo "2572"]
[PlyCount "94"]
[EventDate "2011.10.08"]
[EventType "swiss"]
[EventRounds "9"]
[EventCountry "ESP"]
[Source "lmi"]
[SourceDate "2011.10.08"]

1. d4 Nf6 2. Nf3 d5 3. c4 dxc4 4. e3 Bg4 5. Bxc4 e6 6. Nc3 Nbd7 7. h3 Bh5 8. g4
Bg6 9. Nh4 Bb4 10. Nxg6 hxg6 11. a3 Bxc3+ 12. bxc3 c5 13. Bf1 Qa5 14. Bg2 cxd4
15. Qxd4 Nc5 16. Qc4 O-O 17. O-O Rac8 18. a4 Nd5 19. Ba3 Nxa4 20. Qb3 Rxc3 21.
Qxb7 Rc7 22. Qb3 Nc5 23. Qc4 Nb6 24. Qf4 Rfc8 25. Rfb1 Nd3 26. Qd4 Rd7 27. Bb4
Qg5 28. Bd6 Nxf2 29. Kxf2 Rc2+ 30. Kg1 Nc4 31. Qf4 Qh4 32. g5 Qh5 33. Qe4 Rxg2+
34. Qxg2 Rxd6 35. Rxa7 Rd8 36. Ra8 Rxa8 37. Qxa8+ Kh7 38. Rb8 Qxg5+ 39. Kf1
Qf5+ 40. Kg1 g5 41. Rh8+ Kg6 42. Qa7 Qb1+ 43. Kf2 Qc2+ 44. Kg3 Nd6 45. Kf3 Qd1+
46. Kg2 Qe2+ 47. Kg1 Ne4 0-1

[Event "2. Memorial Oliver Gonzalez 2011"]
[Site "Madrid ESP"]
[Date "2011.10.15"]
[Round "8.9"]
[White "Suarez Uriel, Adrian"]
[Black "Rubio Mejia, Luis Ignacio"]
[Result "0-1"]
[WhiteElo "2197"]
[BlackElo "2433"]
[PlyCount "110"]
[EventDate "2011.10.08"]
[EventType "swiss"]
[EventRounds "9"]
[EventCountry "ESP"]
[Source "lmi"]
[SourceDate "2011.10.08"]

1. e4 c5 2. b3 d6 3. Bb2 Nc6 4. g3 e5 5. Bg2 g6 6. Ne2 Bg7 7. O-O Nge7 8. c3
O-O 9. d4 exd4 10. cxd4 Bg4 11. f3 Be6 12. Kh1 d5 13. Bc3 cxd4 14. Nxd4 Nxd4
15. Bxd4 dxe4 16. Bxg7 Qxd1 17. Rxd1 Kxg7 18. fxe4 Nc6 19. Nc3 Ne5 20. Nd5 Rac8
21. Rd2 Rc5 22. h3 Rfc8 23. Kg1 Bxh3 24. Bxh3 Nf3+ 25. Kf2 Nxd2 26. Bxc8 Nxe4+
27. Ke3 Nd6 28. Bxb7 Nxb7 29. Rd1 Rc2 30. a3 Nc5 31. b4 Na4 32. Kd4 h5 33. Re1
Nb6 34. Nc3 Rd2+ 35. Kc5 Rd3 36. Nb5 Na4+ 37. Kc6 a6 38. Nc7 Rxa3 39. Nxa6 Rxg3
40. Ra1 Rc3+ 41. Kb7 Nb2 42. b5 Nc4 43. Rd1 h4 44. Nc7 h3 45. Nd5 Rb3 46. Kc6
Ne3 47. Nxe3 Rxe3 48. Rb1 Re8 49. Rh1 Rh8 50. b6 g5 51. Kc7 g4 52. b7 Kg6 53.
Kd7 Kg5 54. Rc1 f5 55. Rc8 Rh7+ 0-1

[Event "2. Memorial Oliver Gonzalez 2011"]
[Site "Madrid ESP"]
[Date "2011.10.15"]
[Round "8.11"]
[White "Martinez Martin, David"]
[Black "Adan Bermudez, Sergio"]
[Result "1-0"]
[WhiteElo "2401"]
[BlackElo "2287"]
[PlyCount "95"]
[EventDate "2011.10.08"]
[EventType "swiss"]
[EventRounds "9"]
[EventCountry "ESP"]
[Source "lmi"]
[SourceDate "2011.10.08"]

1. e4 d6 2. d4 Nf6 3. f3 e5 4. dxe5 dxe5 5. Qxd8+ Kxd8 6. Bc4 Ke8 7. Be3 Nbd7
8. Nd2 Bc5 9. Kf2 Ke7 10. g4 Rd8 11. Ne2 Bxe3+ 12. Kxe3 Nb6 13. Bd3 Be6 14. h4
Nfd7 15. h5 Nc5 16. b3 a5 17. Nb1 a4 18. b4 Nxd3 19. cxd3 a3 20. Nbc3 Na4 21.
Nxa4 Rxa4 22. Rhb1 Ra6 23. Rc1 c6 24. d4 Rb6 25. dxe5 Rxb4 26. Rc3 Ra8 27. Nd4
Rb2 28. Nxe6 fxe6 29. Rd3 Rd8 30. Rxa3 Rdd2 31. Rb3 Re2+ 32. Kd4 Kd7 33. Rxb2
Rxb2 34. f4 Rg2 35. g5 Rh2 36. Rb1 Kc7 37. f5 exf5 38. exf5 Rh4+ 39. Ke3 Rxh5
40. Kf4 Rh4+ 41. Kf3 b5 42. e6 Rh3+ 43. Kf4 Rh4+ 44. Ke5 Rh5 45. Rd1 Rh2 46.
Rd7+ Kb6 47. Rxg7 Re2+ 48. Kf6 1-0

[Event "2. Memorial Oliver Gonzalez 2011"]
[Site "Madrid ESP"]
[Date "2011.10.15"]
[Round "8.12"]
[White "Valles Moreno, Ivan"]
[Black "Bolea Jover, Jose"]
[Result "1-0"]
[WhiteElo "2394"]
[BlackElo "2021"]
[PlyCount "87"]
[EventDate "2011.10.08"]
[EventType "swiss"]
[EventRounds "9"]
[EventCountry "ESP"]
[Source "lmi"]
[SourceDate "2011.10.08"]

1. d4 Nf6 2. c4 e6 3. Nf3 d5 4. Nc3 c6 5. g3 Be7 6. Bg2 Nbd7 7. O-O O-O 8. Qd3
Re8 9. Rd1 Bd6 10. e4 dxe4 11. Nxe4 Nxe4 12. Qxe4 Nf6 13. Qc2 Qe7 14. c5 Bc7
15. Bd2 h6 16. Re1 Bd7 17. a4 a5 18. Ne5 Nd5 19. Ra3 Red8 20. Rb3 Rdb8 21. h4
Be8 22. Bh3 Bxe5 23. dxe5 Rd8 24. Re4 Kh8 25. Qc1 Kh7 26. Bf1 f5 27. exf6 Nxf6
28. Re1 Rd5 29. Rc3 Rad8 30. Rc2 Bg6 31. Bxa5 Ra8 32. Bb6 Bxc2 33. Qxc2+ Kh8
34. Bc4 Qd7 35. Bxd5 exd5 36. a5 Re8 37. Rxe8+ Qxe8 38. Qd3 Qe1+ 39. Kg2 Ne4
40. Qe3 Qd1 41. Bc7 Nd2 42. Be5 Qf1+ 43. Kh2 Ne4 44. Qxh6+ 1-0

[Event "2. Memorial Oliver Gonzalez 2011"]
[Site "Madrid ESP"]
[Date "2011.10.15"]
[Round "8.15"]
[White "Davicce Cañada, Juan Antonio"]
[Black "Renteria, Jorge"]
[Result "1/2-1/2"]
[WhiteElo "2088"]
[BlackElo "2319"]
[PlyCount "98"]
[EventDate "2011.10.08"]
[EventType "swiss"]
[EventRounds "9"]
[EventCountry "ESP"]
[Source "lmi"]
[SourceDate "2011.10.08"]

1. d4 Nf6 2. c4 c5 3. Nf3 cxd4 4. Nxd4 e6 5. g3 d5 6. Bg2 Qa5+ 7. Nc3 dxc4 8.
O-O Bc5 9. Ndb5 O-O 10. Qa4 Qb6 11. Qxc4 a6 12. Na3 Bd7 13. Na4 Bxa4 14. Qxa4
Nbd7 15. Nc4 Qc7 16. Qb3 Rab8 17. Bd2 b5 18. Ne3 Qb6 19. Rac1 Rfc8 20. Qc2 Rc7
21. Qb1 Rbc8 22. b4 Be7 23. Rxc7 Rxc7 24. Rc1 h5 25. Rc2 Ne5 26. Qc1 Rxc2 27.
Qxc2 Qd6 28. Bc3 Nfg4 29. Nxg4 hxg4 30. Qd2 Qc7 31. Qd4 Bd6 32. h3 f5 33. hxg4
Nxg4 34. Qd3 Be5 35. Bxe5 Nxe5 36. Qe3 Kf7 37. Qd2 Nc4 38. Qc3 Qd6 39. Bf3 e5
40. e4 Qd2 41. Qb3 Qe1+ 42. Kg2 fxe4 43. Bg4 Kf6 44. Qc2 Nd2 45. Qc5 Qf1+ 46.
Kh2 Nf3+ 47. Bxf3 exf3 48. Qc6+ Kg5 49. Qxf3 Qc4 1/2-1/2

[Event "2. Memorial Oliver Gonzalez 2011"]
[Site "Madrid ESP"]
[Date "2011.10.15"]
[Round "8.16"]
[White "Vilarnovo Caamaño, Jose"]
[Black "Alcazar Jimenez, Jesus Alberto"]
[Result "0-1"]
[WhiteElo "2087"]
[BlackElo "2294"]
[PlyCount "68"]
[EventDate "2011.10.08"]
[EventType "swiss"]
[EventRounds "9"]
[EventCountry "ESP"]
[Source "lmi"]
[SourceDate "2011.10.08"]

1. e4 c5 2. Nf3 e6 3. d4 cxd4 4. Nxd4 Nf6 5. Nc3 Nc6 6. Ndb5 Bc5 7. Bf4 O-O 8.
Bc7 Qe7 9. Bd6 Bxd6 10. Qxd6 Ne8 11. Qxe7 Nxe7 12. O-O-O a6 13. Nd6 Nxd6 14.
Rxd6 f5 15. f3 b5 16. Be2 Ra7 17. Rhd1 fxe4 18. Nxe4 Nf5 19. Rb6 Ne3 20. Rd4 d5
21. Nd6 Bd7 22. g3 e5 23. Rd3 d4 24. Ra3 Rc7 25. Bd3 Nd5 26. Rbxa6 Nb4 27. R6a5
Rc6 28. Ne4 Rfc8 29. Kd1 Nxd3 30. cxd3 Rc1+ 31. Ke2 R8c2+ 32. Nd2 Rh1 33. Ra7
Rxh2+ 34. Ke1 Rc1# 0-1

[Event "2. Memorial Oliver Gonzalez 2011"]
[Site "Madrid ESP"]
[Date "2011.10.15"]
[Round "8.17"]
[White "Moreno Tejera, Emilio"]
[Black "Cerrato Torrijos, Maria"]
[Result "1-0"]
[WhiteElo "2280"]
[BlackElo "2097"]
[PlyCount "45"]
[EventDate "2011.10.08"]
[EventType "swiss"]
[EventRounds "9"]
[EventCountry "ESP"]
[Source "lmi"]
[SourceDate "2011.10.08"]

1. e4 e6 2. d3 d5 3. Nd2 c5 4. Ngf3 Nf6 5. g3 Nc6 6. Bg2 Be7 7. O-O O-O 8. e5
Nd7 9. Re1 b5 10. Nf1 b4 11. h4 Ba6 12. N1h2 Rc8 13. Bf4 Nb6 14. Ng5 h6 15. Qh5
hxg5 16. hxg5 Nd4 17. Ng4 Nxc2 18. Nf6+ Bxf6 19. gxf6 Bxd3 20. Be4 Bxe4 21.
Rxe4 gxf6 22. Bh6 f5 23. Rg4+ 1-0

[Event "2. Memorial Oliver Gonzalez 2011"]
[Site "Madrid ESP"]
[Date "2011.10.15"]
[Round "8.18"]
[White "Suarez Triguero, Jose Alfonso"]
[Black "Madina Yadarola, Martin"]
[Result "1/2-1/2"]
[WhiteElo "2079"]
[BlackElo "2269"]
[PlyCount "56"]
[EventDate "2011.10.08"]
[EventType "swiss"]
[EventRounds "9"]
[EventCountry "ESP"]
[Source "lmi"]
[SourceDate "2011.10.08"]

1. e4 c6 2. d4 Na6 3. c3 Nc7 4. Bd3 d6 5. a4 a5 6. h3 e5 7. dxe5 dxe5 8. Bc2
Qxd1+ 9. Bxd1 Bc5 10. Nd2 Be6 11. Bb3 Nf6 12. Bxe6 Nxe6 13. Ngf3 Nd7 14. Nb3
Bb6 15. O-O f6 16. Re1 Ke7 17. Be3 Bxe3 18. Rxe3 Ndc5 19. Nxc5 Nxc5 20. Nd2 Ne6
21. Nc4 Rhd8 22. Ree1 Nc5 23. Kf1 Ke6 24. Nb6 Ra6 25. Nc4 Raa8 26. Nb6 Ra6 27.
Nc4 Raa8 28. Nb6 Ra6 1/2-1/2

[Event "2. Memorial Oliver Gonzalez 2011"]
[Site "Madrid ESP"]
[Date "2011.10.15"]
[Round "8.21"]
[White "Garcia Saez, Juan Carlos"]
[Black "Semprun Martinez, Fernando"]
[Result "0-1"]
[WhiteElo "2070"]
[BlackElo "2204"]
[PlyCount "120"]
[EventDate "2011.10.08"]
[EventType "swiss"]
[EventRounds "9"]
[EventCountry "ESP"]
[Source "lmi"]
[SourceDate "2011.10.08"]

1. e4 e5 2. Nf3 Nc6 3. Bb5 a6 4. Bxc6 dxc6 5. O-O Bg4 6. d3 Bd6 7. Nbd2 Ne7 8.
h3 Bh5 9. Nc4 f6 10. c3 c5 11. Qb3 b6 12. Ne3 Bf7 13. Qc2 O-O 14. Nh4 Qd7 15.
Nef5 Be6 16. Nxd6 cxd6 17. Qe2 d5 18. g4 b5 19. b3 c4 20. dxc4 bxc4 21. Rd1 Qc6
22. Ba3 Rfe8 23. bxc4 dxe4 24. Bxe7 Bxc4 25. Qd2 Rxe7 26. Nf5 Ree8 27. Qd7 Qxd7
28. Rxd7 Be6 29. Rxg7+ Kh8 30. Rc7 Bxf5 31. gxf5 Rac8 32. Rxc8 Rxc8 33. Rc1 Rc4
34. Kg2 Kg7 35. Kg3 Kf7 36. Kg2 Ke7 37. Kf1 Kd6 38. Ke2 Kc5 39. Kd2 Ra4 40. Rc2
h5 41. Rb2 e3+ 42. fxe3 Rh4 43. Rb8 Rxh3 44. Rf8 e4 45. Rxf6 Rh2+ 46. Ke1 Rxa2
47. Rh6 Kc4 48. Rxh5 Ra5 49. Kf2 Kd3 50. Kg3 Kxe3 51. Kg4 Ra1 52. f6 Rg1+ 53.
Kf5 Rf1+ 54. Ke6 Kd3 55. Rh3+ Kd2 56. c4 e3 57. Ke7 a5 58. c5 a4 59. c6 a3 60.
c7 Rc1 0-1

[Event "2. Memorial Oliver Gonzalez 2011"]
[Site "Madrid ESP"]
[Date "2011.10.15"]
[Round "8.22"]
[White "Pablos Tenrero, Raquel"]
[Black "Gonzalez Mateo, Rafael"]
[Result "1/2-1/2"]
[WhiteElo "1947"]
[BlackElo "2186"]
[PlyCount "91"]
[EventDate "2011.10.08"]
[EventType "swiss"]
[EventRounds "9"]
[EventCountry "ESP"]
[Source "lmi"]
[SourceDate "2011.10.08"]

1. e4 e6 2. d4 d5 3. Nd2 c5 4. exd5 exd5 5. Bb5+ Bd7 6. Bxd7+ Nxd7 7. Ngf3 Ngf6
8. O-O Be7 9. dxc5 Nxc5 10. Nb3 Nce4 11. Nfd4 Qd7 12. Qf3 O-O 13. Nf5 Bd8 14.
Be3 g6 15. Ng3 Qg4 16. Qxg4 Nxg4 17. Bd4 Nxg3 18. hxg3 Bb6 19. Bxb6 axb6 20.
Rfd1 Rfd8 21. Rd4 Ne5 22. Nd2 Nc6 23. Rf4 d4 24. a3 b5 25. Re1 Rd7 26. Ne4 Kg7
27. Nc5 Rc7 28. Nd3 Ra4 29. Re2 Rc4 30. b3 Rc3 31. g4 f6 32. Ne1 Rd7 33. Re6 d3
34. Nxd3 Rxc2 35. Nb4 Rc1+ 36. Kh2 Ne5 37. f3 Rc3 38. Rexf6 Rxb3 39. Rb6 Rxa3
40. Rxb5 Nf7 41. Nd5 h6 42. Nf6 Re7 43. Nd5 Rd7 44. Nf6 Re7 45. Nd5 Rd7 46. Nf6
1/2-1/2

[Event "2. Memorial Oliver Gonzalez 2011"]
[Site "Madrid ESP"]
[Date "2011.10.15"]
[Round "8.23"]
[White "Horcajada Reales, Guillermo"]
[Black "Cavalle Pulla, Daniel"]
[Result "0-1"]
[WhiteElo "2215"]
[BlackElo "1987"]
[PlyCount "90"]
[EventDate "2011.10.08"]
[EventType "swiss"]
[EventRounds "9"]
[EventCountry "ESP"]
[Source "lmi"]
[SourceDate "2011.10.08"]

1. d4 Nf6 2. c4 c5 3. d5 b5 4. cxb5 a6 5. bxa6 g6 6. Nc3 Bxa6 7. Nf3 d6 8. g3
Nbd7 9. Bg2 Nb6 10. O-O Bg7 11. Re1 O-O 12. h3 Nfd7 13. Qc2 Ra7 14. Nd2 Qa8 15.
Rb1 f5 16. f4 Bb7 17. Nb5 Rxa2 18. Nc7 Qa4 19. Qxa4 Rxa4 20. e4 Rc8 21. Ne6
fxe4 22. b3 Ra1 23. Nxg7 Rxb1 24. Nxb1 Kxg7 25. Rxe4 Kf7 26. f5 Nf6 27. Rh4
Bxd5 28. fxg6+ hxg6 29. Nc3 Bxb3 30. Ne4 Nxe4 31. Bxe4 Rg8 32. Rf4+ Kg7 33. Rg4
Bf7 34. h4 Kf8 35. Bc6 e5 36. Bg5 Be6 37. Re4 Bd5 38. Bxd5 Nxd5 39. Ra4 Kf7 40.
Kf2 Ke6 41. Ra7 Rf8+ 42. Ke2 Rf7 43. Ra8 Nf6 44. g4 e4 45. Bxf6 Rxf6 0-1

[Event "2. Memorial Oliver Gonzalez 2011"]
[Site "Madrid ESP"]
[Date "2011.10.15"]
[Round "8.24"]
[White "Perez Cameselle, Francisco"]
[Black "Aziz Ortego, Omar Luis"]
[Result "0-1"]
[WhiteElo "1938"]
[BlackElo "2168"]
[PlyCount "166"]
[EventDate "2011.10.08"]
[EventType "swiss"]
[EventRounds "9"]
[EventCountry "ESP"]
[Source "lmi"]
[SourceDate "2011.10.08"]

1. Nf3 e6 2. d3 c5 3. Nbd2 g6 4. g3 Bg7 5. Bg2 d5 6. e4 Ne7 7. O-O Nbc6 8. Qe2
O-O 9. c3 b6 10. Re1 Ba6 11. e5 Qc7 12. Nf1 Rad8 13. Bf4 h6 14. h4 Kh7 15. N1h2
Ng8 16. Ng4 Qd7 17. Qd2 d4 18. c4 Nce7 19. Qe2 Bb7 20. Nd2 Bxg2 21. Kxg2 h5 22.
Nh2 Nf5 23. Kg1 Bh6 24. Bxh6 Nfxh6 25. Ne4 Kg7 26. Nf3 Ng4 27. Neg5 N8h6 28.
Nd2 Qc7 29. Ndf3 Nf5 30. Nh2 Nxh2 31. Kxh2 Rd7 32. Qd2 Qb8 33. b4 Rc8 34. b5 a6
35. a4 Ra7 36. Ra2 Qc7 37. Nf3 Rca8 38. Rea1 Qb7 39. Kg2 Nh6 40. Qf4 Ng4 41.
Kg1 axb5 42. cxb5 Qd5 43. Ra3 Ra5 44. Kf1 Rf8 45. Qe4 Qxe4 46. dxe4 Rd8 47. Rd1
Raa8 48. Ke2 Rd7 49. Rd2 Rad8 50. Kd3 Ra8 51. Rda2 Ra5 52. Rc2 Rda7 53. Rca2
Kf8 54. Ke2 Ra8 55. Kd3 Ke7 56. Kc4 Kd7 57. Kd3 Kc7 58. Ke2 Kb7 59. Nd2 Nxe5
60. f4 Nd7 61. Nc4 R5a7 62. e5 f6 63. Kf3 fxe5 64. fxe5 Rf8+ 65. Ke4 Rf1 66.
Rf3 Rxf3 67. Kxf3 Ra8 68. Ke4 Rf8 69. a5 bxa5 70. Rxa5 Nb6 71. Nd6+ Kb8 72. Ra6
Nd5 73. b6 Rf1 74. b7 Re1+ 75. Kf3 Nc7 76. Rb6 Rxe5 77. Nc4 Nd5 78. Nxe5 Nxb6
79. Nc6+ Kxb7 80. Nd8+ Kc7 81. Nxe6+ Kd6 82. Nf4 Nc4 83. Nxg6 Ne5+ 0-1

[Event "2. Memorial Oliver Gonzalez 2011"]
[Site "Madrid ESP"]
[Date "2011.10.15"]
[Round "8.25"]
[White "Avendaño Mateos, Jose"]
[Black "Ciuro Muñoz, Ricardo"]
[Result "1-0"]
[WhiteElo "2002"]
[BlackElo "2156"]
[PlyCount "27"]
[EventDate "2011.10.08"]
[EventType "swiss"]
[EventRounds "9"]
[EventCountry "ESP"]
[Source "lmi"]
[SourceDate "2011.10.08"]

1. d4 d5 2. Nf3 Nf6 3. Bg5 e6 4. e3 h6 5. Bh4 Be7 6. Bd3 b6 7. O-O Ba6 8. Ne5
Bxd3 9. Qxd3 O-O 10. Nd2 Nfd7 11. Bxe7 Nxe5 12. Bxd8 Nxd3 13. Be7 Re8 14. Ba3
1-0

[Event "2. Memorial Oliver Gonzalez 2011"]
[Site "Madrid ESP"]
[Date "2011.10.15"]
[Round "8.26"]
[White "Ortega Morales, Pedro"]
[Black "Martin Duque, Jesus"]
[Result "0-1"]
[WhiteElo "1861"]
[BlackElo "2136"]
[PlyCount "108"]
[EventDate "2011.10.08"]
[EventType "swiss"]
[EventRounds "9"]
[EventCountry "ESP"]
[Source "lmi"]
[SourceDate "2011.10.08"]

1. d4 d5 2. Bf4 c5 3. e3 Nf6 4. c3 Nc6 5. Nf3 Qb6 6. Qb3 c4 7. Qxb6 axb6 8. Na3
Ra5 9. Bc7 e6 10. Nb1 Kd7 11. Bg3 Ne4 12. Nbd2 Nxg3 13. hxg3 f6 14. Be2 g6 15.
Bd1 Bg7 16. Bc2 Ke7 17. Ke2 Bd7 18. a4 f5 19. b3 cxb3 20. Bxb3 h6 21. Bc2 Rha8
22. Rhb1 b5 23. Nb3 Rxa4 24. Rxa4 bxa4 25. Nc5 Nd8 26. Nxd7 Kxd7 27. Kd1 Kc6
28. Bd3 Ra5 29. Kc2 g5 30. Nd2 b5 31. Be2 Nb7 32. g4 Nd6 33. gxf5 exf5 34. Bd3
Ra8 35. Ra1 Re8 36. Nf1 f4 37. exf4 gxf4 38. Nd2 Bf6 39. Nf3 Rg8 40. Rg1 Ne4
41. Bxe4 dxe4 42. Nd2 Re8 43. Rh1 Bg5 44. f3 exf3 45. gxf3 Re7 46. Kd3 Re3+ 47.
Kc2 b4 48. cxb4 Kb5 49. Rb1 Bf6 50. Rh1 Bxd4 51. Rxh6 Kxb4 52. Rc6 Be5 53. Rc4+
Kb5 54. Rc8 a3 0-1

[Event "2. Memorial Oliver Gonzalez 2011"]
[Site "Madrid ESP"]
[Date "2011.10.15"]
[Round "8.28"]
[White "Pascual Palomo, Lucia"]
[Black "Cuadrado Lopez, Francisco Javie"]
[Result "0-1"]
[WhiteElo "2119"]
[BlackElo "1967"]
[PlyCount "90"]
[EventDate "2011.10.08"]
[EventType "swiss"]
[EventRounds "9"]
[EventCountry "ESP"]
[Source "lmi"]
[SourceDate "2011.10.08"]

1. e4 d6 2. d4 Nf6 3. Nc3 g6 4. h3 c6 5. a4 Bg7 6. Be3 O-O 7. Qd2 e5 8. Nf3
exd4 9. Nxd4 Re8 10. Bd3 d5 11. exd5 Nxd5 12. Nxd5 Qxd5 13. Nf3 Be6 14. O-O
Bxh3 15. Bxg6 hxg6 16. Qxd5 cxd5 17. gxh3 Nc6 18. Rfd1 Rad8 19. c3 b6 20. Rd2
Ne5 21. Nxe5 Rxe5 22. a5 Rh5 23. axb6 axb6 24. Kg2 Bh6 25. Bxb6 Rb8 26. Be3
Bxe3 27. fxe3 Rb5 28. b4 Rb7 29. Ra8+ Kg7 30. Rc8 Re5 31. Rd3 Rbe7 32. Kf3 Rf5+
33. Ke2 Rh5 34. Rd8 Rxh3 35. R8xd5 Rh2+ 36. Kf3 Re8 37. c4 Reh8 38. Rc3 R8h4
39. b5 f5 40. b6 Kf6 41. Rd6+ Kg5 42. Rxg6+ Kxg6 43. Rc1 R4h3+ 44. Kf4 Kf6 45.
Rf1 Rg2 0-1